[Event "Skanska Cup"]
[Site "Olomouc CZE"]
[Date "2004.07.06"]
[Round "4"]
[White "Laznicka,V"]
[Black "Bernasek,J"]
[Result "1-0"]
[WhiteElo "2434"]
[BlackElo "2395"]

1.e4 c5 2.Nf3 e6 3.d4 cxd4 4.Nxd4 a6 5.Nc3 Qc7 6.g3 b5 7.Bg2 Bb7 8.O-O d6
9.a4 b4 10.Na2 Nf6 11.Re1 a5 12.c3 bxc3 13.Nxc3 Nbd7 14.Ncb5 Qb8 15.Nb3 Be7
16.Bd2 Nc5 17.Nxc5 dxc5 18.e5 Nd5 19.Qg4 Kf8 20.Bg5 h5 21.Qh4 Qd8 22.Bxe7+ Qxe7
23.Qe4 g6 24.Rac1 h4 25.Nd6 Qc7 26.Qc4 Kg7 27.Qxc5 Qxc5 28.Rxc5 Rhb8 29.gxh4 Ba6
30.Bxd5 exd5 31.Rc6 d4 32.e6 d3 33.e7 d2 34.Rd1 Rxb2 35.Nc8  1-0

[Event "32nd World Open"]
[Site "Philadelphia USA"]
[Date "2004.07.06"]
[Round "9"]
[White "Anderson,R"]
[Black "Ginsburg,M"]
[Result "0-1"]
[WhiteElo "2254"]
[BlackElo "2364"]

1.e4 c5 2.Nf3 e6 3.Nc3 a6 4.d4 cxd4 5.Nxd4 Qc7 6.Bd3 b5 7.O-O Bb7 8.a3 Nf6
9.Qe2 Be7 10.Kh1 d6 11.f4 Nbd7 12.Bd2 Rd8 13.Rae1 Nc5 14.b4 Nxd3 15.cxd3 O-O
16.Rc1 Qd7 17.Nb3 Rc8 18.Be3 Rfd8 19.Bb6 Re8 20.Bd4 Qd8 21.Qf2 Bf8 22.Qg3 Nd7
23.Be3 g6 24.e5 Bg7 25.d4 Nb6 26.exd6 Qxd6 27.Nc5 Ba8 28.Rcd1 Red8 29.N3e4 Qd5
30.Ng5 Nc4 31.Bc1 Nd6 32.Qh3 h6 33.Nf3 a5 34.Ne5 Nf5 35.Rfe1 axb4 36.axb4 Qa2
37.Rd2 Qb1 38.Rb2 Qa1 39.Rc2 Qxd4 40.Bd2 Qd5 41.Bc3 Qd6 42.Rd2 Qe7 43.Red1 Rxd2
44.Rxd2 Bd5 45.Ng4 Rxc5 46.bxc5 Qxc5 47.Ne5 b4 48.Bb2 Bxe5 49.fxe5 Ne3 50.Qh4 b3
51.Qd8+ Qf8 52.Qxf8+ Kxf8 53.Kg1 Kg7 54.h3 g5 55.Rd3 Nf5 56.Kf2 h5 57.Rc3 h4
58.Rc8 Ng3 59.Ba3 Kg6 60.Bb2 Nh5 61.Rg8+ Kf5 62.Rf8 Ke4 63.Rxf7 Nf4 64.Ba3 Nd3+
65.Ke2 Nxe5 66.Rg7 Nc4 67.Bc1 Kd4 68.Rxg5 Kc3 69.Ke1 e5 70.Rg4 Kd3 71.Rxh4 Bxg2
72.Rxc4 Kxc4 73.Ke2 Bxh3 74.Bb2  0-1

[Event "Open A"]
[Site "Klatovy CZE"]
[Date "2004.07.08"]
[Round "6"]
[White "Vevera,R"]
[Black "Forman,M"]
[Result "0-1"]
[WhiteElo "1966"]
[BlackElo "2023"]

1.e4 c5 2.Nf3 e6 3.d4 cxd4 4.Nxd4 a6 5.Nc3 d6 6.Be2 Nf6 7.Be3 Be7 8.O-O O-O
9.f4 Qc7 10.Bf3 Nbd7 11.Qd2 Nb6 12.b3 Bd7 13.e5 dxe5 14.fxe5 Bb4 15.exf6 Bxc3
16.Qf2 Bxa1 17.fxg7 Rfd8 18.Bxb7 f5 19.Nxf5 exf5 20.Bf3 Rab8 21.Rxa1 Be6
22.a4 Qxg7 23.Rc1 Nd7 24.c4 Ne5 25.Be2 Nd3 26.Bxd3 Rxd3 27.Bf4 Rc8 28.Re1 Bd5
29.Be5 Qg6 30.b4 Re8 31.g3 Bxc4 32.a5 Rd1  0-1

[Event "GM"]
[Site "Brno CZE"]
[Date "2004.07.09"]
[Round "9"]
[White "Cernousek,L"]
[Black "Rasik,V"]
[Result "1/2-1/2"]
[WhiteElo "2378"]
[BlackElo "2469"]

1.e4 c5 2.Nf3 a6 3.Nc3 e6 4.d4 cxd4 5.Nxd4 d6 6.g4 Nc6 7.g5 Nge7 8.Be3 e5
9.Nde2 Be6 10.Bg2 Nc8 11.Ng3 Be7 12.h4 Nb6 13.Nf5 O-O 14.Bxb6 Qxb6 15.Nd5 Qd8
16.Qh5 Bxd5 17.exd5 g6 18.Qf3 Nb4 19.Nh6+ Kg7 20.Qe4 a5 21.f4 f5 22.Qe2 Re8
23.O-O-O Rc8 24.c3 Nxa2+ 25.Kb1 Nxc3+ 26.bxc3 Rxc3 27.Qb2 Rc4 28.Rd3 Rxf4
29.Rb3 Bxg5 30.hxg5 Qxg5 31.Rxb7+ Re7 32.Rb8 Rh4 33.Rxh4 Qxh4 34.Qd2 Qf4
35.Qxf4 exf4 36.Nxf5+ gxf5 37.Kc1 Re3 38.Kd2 Kf6 39.Rh8 a4 40.Rxh7 a3 41.Rh6+ Ke5
42.Rh8 Rb3 43.Ke2 Rb2+ 44.Kf3 a2 45.Ra8 Kxd5 46.Ra4 Kc5 47.Bh3 Rb3+ 48.Kg2 Rb2+
49.Kf3 Kb5 50.Ra8 Rb3+ 51.Kg2 Rb2+ 52.Kf3 Kb4 53.Rb8+ Kc3 54.Rc8+ Kd2 55.Ra8 Kc1
56.Bxf5 Rb3+ 57.Kxf4 Rb4+ 58.Kg5 Kb2 59.Kf6 a1=Q 60.Rxa1 Kxa1 61.Ke6 Rd4
62.Bh3 Rd2 63.Bg4 d5 64.Bf3 d4 65.Kd5 Kb2 66.Kc4 Kc2 67.Be4+ d3 68.Kd4 Rd1
69.Bf5 Kb3 70.Bxd3 Kb4 71.Ke3 Kc3 72.Bf5 Re1+ 73.Kf4 Kd4 74.Kg5 Ke5 75.Bc2 Rc1
76.Bd3 Rc3 77.Bb1 Rg3+ 78.Kh6 Kf6 79.Kh7 Rg7+ 80.Kh8 Rb7 81.Bc2 Kf7 82.Bd3 Rb4
83.Bc2 Rh4+ 84.Bh7 Rg4 85.Bb1 Rg8+ 86.Kh7 Rg1 87.Ba2+ Kf6 88.Bb3 Rh1+ 89.Kg8 Rb1  1/2-1/2

[Event "Glassy Stream Open"]
[Site "Kharkov UKR"]
[Date "2004.07.09"]
[Round "2"]
[White "Kolomensky,V"]
[Black "Truskavetsky,A"]
[Result "1-0"]
[WhiteElo "2246"]
[BlackElo "2387"]

1.e4 c5 2.Nf3 e6 3.Nc3 a6 4.d4 cxd4 5.Nxd4 Nc6 6.g3 Qc7 7.Bg2 d6 8.O-O Nf6
9.Re1 Bd7 10.Nxc6 bxc6 11.Na4 Be7 12.c4 O-O 13.Bf4 e5 14.Bg5 Be6 15.c5 d5
16.Bxf6 Bxf6 17.Nb6 Rad8 18.Qa4 Be7 19.b4 f5 20.exd5 cxd5 21.Qxa6 Rf6 22.Nxd5 Rxd5
23.Qxe6+ Rxe6 24.Bxd5 Kf7 25.a4 Kf6 26.Bxe6 Kxe6 27.a5 h5 28.a6 Qa7 29.Rec1 h4
30.b5 Bd8 31.Rd1 hxg3 32.hxg3 f4 33.b6 Bxb6 34.cxb6 Qxb6 35.gxf4 Qa7 36.fxe5 Kxe5
37.Rd3 Kf4 38.Ra4+ Ke5 39.Rb3 Qd7 40.Ra5+ Kd4 41.Raa3 Kc5 42.a7 Qd1+ 43.Kg2 Qg4+
44.Rg3 Qe4+ 45.Kh2 Qa8 46.Kg1  1-0

[Event "GP CG de l'Heralt"]
[Site "Montpellier FRA"]
[Date "2004.07.09"]
[Round "5"]
[White "Hamdouchi,H"]
[Black "Miezis,N"]
[Result "1/2-1/2"]
[WhiteElo "2556"]
[BlackElo "2530"]

1.e4 c5 2.Nf3 e6 3.d4 cxd4 4.Nxd4 a6 5.Nc3 Qc7 6.Bd3 Nc6 7.Nxc6 dxc6 8.f4 e5
9.f5 h5 10.Be3 Nf6 11.a4 Bb4 12.h3 c5 13.O-O c4 14.Be2 Bxc3 15.bxc3 Nxe4
16.Qe1 h4 17.Bg4 Nf6 18.Qe2 Bd7 19.a5 Nd5 20.Bd4 f6 21.Rad1 O-O-O 22.Bxe5 Qxe5
23.Qxe5 fxe5 24.Rxd5 Rhe8 25.Re1 Kc7 26.Rdxe5 Rxe5 27.Rxe5 Kd6 28.Re4 Bc6
29.Rd4+ Kc7 30.Rxc4 Rd5 31.Bf3 Rxa5 32.Bxc6 bxc6 33.Rg4 Rxf5 34.Rxg7+ Kb6
35.Rg4 Rh5 36.Kf2 a5 37.Ke3 Kb5 38.Kd2 Rf5 39.Kc1 Rh5 40.Kb2 Kb6 41.Kb3 Rb5+
42.Ka3 Rh5 43.Ka4 Rh6 44.c4 Rh5 45.c3 Ka6 46.c5 Rxc5 47.Rxh4 Rxc3 48.g4 Rc4+
49.Kb3 Kb5 50.Rh8 a4+ 51.Kb2 Re4 52.Rb8+ Kc4 53.g5 Re2+ 54.Ka3 Re3+ 55.Kxa4 Rxh3
56.Rb4+ Kd5 57.Rg4  1/2-1/2

[Event "Proclient Cup"]
[Site "Olomouc CZE"]
[Date "2004.07.12"]
[Round "11"]
[White "Kennaugh,C"]
[Black "Sachdev,T"]
[Result "1/2-1/2"]
[WhiteElo "2287"]
[BlackElo "2240"]

1.e4 c5 2.Nf3 e6 3.d4 cxd4 4.Nxd4 a6 5.Nc3 Qc7 6.Bd3 Nf6 7.Bg5 Be7 8.f4 d6
9.Nf3 Qb6 10.Qd2 Qxb2 11.O-O Nc6 12.e5 dxe5 13.Rab1 Qa3 14.fxe5 Nd5 15.Ne4 Qa5
16.Qf2 f6 17.Bd2 Qc7 18.c4 Ndb4 19.exf6 Nxd3 20.fxg7 Rg8 21.Qe3 Nde5 22.Qh6 Rxg7
23.Qh5+ Ng6 24.Bg5 e5 25.c5 Bf5 26.Bxe7 Bxe4 27.Bd6 Qa5 28.Ng5 O-O-O 29.Qg4+ Rgd7
30.Nxe4 Qa4 31.Bxe5 Qxa2 32.Nd6+ Kb8 33.Nxb7+ Ngxe5 34.Nxd8+ Kc8 35.Qf5 Kxd8
36.Rbd1 Kc7 37.Rxd7+ Nxd7 38.Rd1 Nce5 39.Qxh7 Qe2 40.Rf1 Ng4 41.Qf5 Ne3 42.Qf4+ Kc8
43.Qf3 Qxf1+ 44.Qxf1 Nxf1 45.Kxf1 Nxc5 46.Ke2 Ne6 47.Kd2 Kd7 48.h4 Kd6 49.g4 Ke5
50.Ke3 a5 51.Kd3 a4 52.Kc3 Nc5 53.Kb4 Kf4 54.g5 Kf5 55.Ka3 Kg6 56.Kb4 Kh5
57.Ka3  1/2-1/2

[Event "Open"]
[Site "Condom FRA"]
[Date "2004.07.14"]
[Round "6"]
[White "Vanparys,P"]
[Black "Maes,W"]
[Result "1/2-1/2"]
[WhiteElo "2156"]
[BlackElo "2318"]

1.e4 c5 2.Nf3 e6 3.Nc3 a6 4.d4 cxd4 5.Nxd4 Qc7 6.g3 Nf6 7.Bg2 Be7 8.O-O O-O
9.a4 Nc6 10.Re1 d6 11.Nxc6 bxc6 12.a5 Rb8 13.Be3 c5 14.Na4 Bb7 15.Qe2 Bc6
16.e5 dxe5 17.Bxc6 Qxc6 18.Bg5 Rb4 19.Nb6 Rxb2 20.Reb1 Rb5 21.Nc4 Qb7 22.Rd1 Qc7
23.Qxe5 Qxe5 24.Nxe5 c4 25.Nc6 Bc5 26.Bxf6 gxf6 27.Ra4 Rc8 28.Rd8+ Rxd8 29.Nxd8 Kf8
30.Nc6 Ke8 31.Rxc4 e5 32.Kg2 Bd6 33.g4 Kd7 34.Kf3 Ke6 35.Nd8+ Ke7 36.Nc6+ Ke6
37.Ke4 Rb1 38.Nd8+  1/2-1/2

[Event "ch-CRC"]
[Site "San Jose CRC"]
[Date "2004.07.14"]
[Round "7"]
[White "Charpentier,W"]
[Black "Ugalde,R"]
[Result "1-0"]
[WhiteElo "2223"]
[BlackElo "2165"]

1.e4 c5 2.Nf3 e6 3.d4 cxd4 4.Nxd4 a6 5.Nc3 Bc5 6.Nb3 Ba7 7.Bf4 Ne7 8.Bd6 O-O
9.Qd2 Nbc6 10.a4 f5 11.e5 Rf7 12.Be2 b6 13.Bh5 g6 14.Bf3 Bb7 15.h4 Rg7 16.O-O-O Nc8
17.Ba3 Rb8 18.Rde1 Na5 19.Nd4 Nc4 20.Qd3 Qc7 21.Ndb5 axb5 22.Nxb5 Nxe5 23.Qe3 Nc4
24.Qg5 h6 25.Qxh6 Qd8 26.Bb4 Bxf3 27.gxf3 Qe8 28.b3 Na5 29.h5 Nc6 30.hxg6  1-0

[Event "ITT Copa CMSalud"]
[Site "Vicente Lopez ARG"]
[Date "2004.07.15"]
[Round "7"]
[White "Della Morte,P"]
[Black "Giardelli,S"]
[Result "0-1"]
[WhiteElo "2302"]
[BlackElo "2434"]

1.e4 c5 2.Nf3 e6 3.d4 cxd4 4.Nxd4 a6 5.Nc3 Qc7 6.Bd3 Nf6 7.O-O d6 8.f4 Nbd7
9.Kh1 g6 10.f5 Ke7 11.Bg5 h6 12.fxe6 hxg5 13.exd7 Qxd7 14.Qf3 Bg7 15.Nd5+ Nxd5
16.Qxf7+ Kd8 17.Qxd5 Be5 18.Nf3 Qh7 19.g3 Bg4 20.Nh4 gxh4 21.Rf7 Qxf7 22.Qxf7 hxg3
23.c3 Rc8 24.Rf1 Rc7 25.Qb3 Rch7 26.Qb6+ Kc8 27.Kg1 Rxh2 28.Rf8+ Rxf8 29.Bxa6 bxa6
30.Qc6+ Kd8  0-1

[Event "Glassy Stream Open"]
[Site "Kharkov UKR"]
[Date "2004.07.16"]
[Round "8"]
[White "Onoprienko,V"]
[Black "Kolomensky,V"]
[Result "1-0"]
[WhiteElo "2374"]
[BlackElo "2246"]

1.e4 c5 2.Nc3 e6 3.Nf3 a6 4.d4 cxd4 5.Nxd4 b5 6.g3 Bb7 7.Bg2 Nf6 8.O-O b4
9.Nce2 Bxe4 10.Bxe4 Nxe4 11.Nf4 d5 12.Re1 e5 13.Qf3 Bc5 14.Nf5 O-O 15.Nxd5 Qxd5
16.Rxe4 g6 17.Be3 Nc6 18.Rd1 Nd4 19.Nxd4 exd4 20.Qf6 Rfe8 21.Rdxd4 Qxa2 22.Rxe8+ Rxe8
23.Qc6 Rxe3 24.Rd8+ Kg7 25.Qxc5 Re6 26.Qd4+ Kh6 27.Rg8  1-0

[Event "ACT Open"]
[Site "Amsterdam NED"]
[Date "2004.07.17"]
[Round "1"]
[White "Widmer,S"]
[Black "D'Costa,L"]
[Result "0-1"]
[WhiteElo "2209"]
[BlackElo "2354"]

1.e4 c5 2.Nf3 e6 3.d4 cxd4 4.Nxd4 a6 5.Nc3 Qc7 6.Bd3 Nf6 7.O-O d6 8.Kh1 Be7
9.f4 Nc6 10.Nxc6 bxc6 11.Qe2 Nd7 12.Bd2 e5 13.Bc4 exf4 14.Bxf4 O-O 15.Rad1 Nb6
16.Rd2 Be6 17.Bb3 a5 18.a4 Bxb3 19.cxb3 Nd7 20.Rfd1 Qb7 21.Bxd6 Bxd6 22.Rxd6 Ne5
23.Qh5 Rfe8 24.Qg5 Qxb3 25.Rd8 f6 26.Rxa8 Rxa8 27.Qd2 Rb8 28.Rb1 h6 29.h3 Qc4
30.Qd6 Qb4 31.Qc7 Qb6 32.Qd6 Rd8 33.Qe6+ Kh8 34.Rd1 Rg8 35.Rd2 Qe3 36.Re2 Qc1+
37.Kh2 Qf4+ 38.Kg1 Rd8 39.Qe7 Rd2 40.Qe8+ Kh7 41.Rxd2 Qxd2 42.Qe6 Qxb2 43.Nd1 Qb1
44.Qf5+ Kg8 45.Qe6+ Kf8 46.Qd6+ Kf7 47.Kh2 Qxe4 48.Qc7+ Kg6 49.Qxa5 Qe2 50.Nc3 Qf2  0-1

[Event "GM"]
[Site "Balatonlelle HUN"]
[Date "2004.07.20"]
[Round "2"]
[White "Papp,Ga"]
[Black "Tolnai,T"]
[Result "1/2-1/2"]
[WhiteElo "2471"]
[BlackElo "2441"]

1.e4 c5 2.Nf3 e6 3.d4 cxd4 4.Nxd4 a6 5.Nc3 b5 6.Bd3 Bb7 7.O-O Ne7 8.Qe2 Nbc6
9.Nb3 Ng6 10.f4 Be7 11.e5 O-O 12.Be3 d6 13.exd6 Qxd6 14.a4 Nb4 15.Bxg6 hxg6
16.axb5 axb5 17.Nxb5 Qb8 18.c4 Rxa1 19.Rxa1 Rc8 20.Rd1 Ba6 21.N3d4 e5 22.Bf2 exd4
23.Qxe7 Bxb5 24.cxb5 Qxb5 25.Bxd4 Nc6 26.Qc5 Qa4 27.b3 Qxb3 28.Rf1 Qb4  1/2-1/2

[Event "ACT Open"]
[Site "Amsterdam NED"]
[Date "2004.07.21"]
[Round "5"]
[White "Wiersma,E"]
[Black "Doggers,P"]
[Result "1/2-1/2"]
[WhiteElo "2421"]
[BlackElo "2246"]

1.e4 c5 2.Nf3 e6 3.d4 cxd4 4.Nxd4 a6 5.Nc3 b5 6.Bd3 Qb6 7.Nf3 Qc7 8.O-O Bb7
9.e5 f5 10.exf6 Nxf6 11.Ng5 Be7 12.Nce4 Nxe4 13.Nxe4 O-O 14.Qh5 g6 15.Qh6 Nc6
16.Bd2 Ne5 17.Bc3 Rf7 18.Rae1 Nxd3 19.cxd3 Qf4 20.Qh3 Rc8 21.Re3 Qf5 22.Qg3 Qf4
23.Qh3 Qf5 24.Qg3  1/2-1/2

[Event "ACT Open"]
[Site "Amsterdam NED"]
[Date "2004.07.21"]
[Round "5"]
[White "Van Wissen,M"]
[Black "Siebrecht,S"]
[Result "1/2-1/2"]
[WhiteElo "2278"]
[BlackElo "2340"]

1.e4 c5 2.Nf3 e6 3.d4 cxd4 4.Nxd4 a6 5.Nc3 Qc7 6.Be2 Nf6 7.O-O Bc5 8.Be3 O-O
9.Qd2 b5 10.Bf3 Qe5 11.Rad1 Bb7 12.Qc1 Qc7 13.e5 Ne8 14.Bxb7 Qxb7 15.Rfe1 d6
16.exd6 Bxd6 17.Bf4 Bxf4 18.Qxf4 Nd7 19.Qe4 Qxe4 20.Nxe4 Nef6 21.Nc6 Kh8
22.Nd6 Nd5 23.b3 b4 24.a4 Nb8 25.Ne5 Kg8 26.Rd4 Ra7 27.a5 Rd8 28.Ndc4 f6
29.Nf3 Kf7 30.Nb6 Nc6 31.Rd3 Nxa5 32.Red1 Rc7 33.Nxd5 Rxd5 34.Rxd5 exd5 35.Ne1 Ke6
36.Ra1 Nc6 37.Rxa6 Ke5 38.Kf1 Kd4 39.Ke2 Kc3 40.Kd1 Nd4 41.Ra5 Ne6 42.Rxd5 Nf4
43.Rd6 Ra7 44.Rc6+ Kb2 45.Kd2 Rd7+ 46.Ke3 Nd5+ 47.Kf3 Nc3 48.Nd3+ Kxc2 49.Nxb4+ Kxb3
50.Rb6 Kc4 51.Nc2 Kc5 52.Rb8 Nd5  1/2-1/2

[Event "JunCh-USA"]
[Site "Lindsborg USA"]
[Date "2004.07.21"]
[Round "2"]
[White "Bhat,V"]
[Black "Milman,L"]
[Result "0-1"]
[WhiteElo "2431"]
[BlackElo "2428"]

1.e4 c5 2.Nf3 e6 3.Nc3 a6 4.d4 cxd4 5.Nxd4 Qc7 6.g3 Bb4 7.Ne2 Nf6 8.Bg2 Be7
9.O-O Nc6 10.Nf4 b5 11.a3 Bb7 12.Nd3 d6 13.f4 Rd8 14.g4 d5 15.exd5 Nxd5 16.Nxd5 exd5
17.f5 O-O 18.g5 g6 19.Bf4 Bd6 20.Bxd6 Qxd6 21.b4 Bc8 22.f6 Rfe8 23.Qd2 Bf5
24.Rae1 Bxd3 25.Qxd3 Re5 26.Qh3 h5 27.gxh6 Rxe1 28.Rxe1 Qxf6 29.Rf1 Qe5 30.Qf3 Qe6
31.Qf2 Ne5 32.Qh4 Re8 33.Rf6 Qg4 34.h7+ Kg7 35.h8=Q+ Rxh8 36.Qxg4 Nxg4 37.Rxa6 Ne3
38.Rb6 Rh5 39.Bf3 Rf5 40.Be2 Nxc2 41.Bxb5 Nxa3 42.Bf1 Rf4 43.b5 Nc4 44.Rb8 Rf6
45.Rd8 Ne3 46.Bd3 Kh6 47.Rb8 Nc4 48.Rc8 Nb6 49.Rc7 Kg5 50.Kg2 Kf4 51.Re7 Kg4
52.Be2+ Kf4 53.Bd3 g5 54.h3 g4 55.hxg4 Kxg4 56.Rc7 d4 57.Bc4 Kf5 58.Bxf7 Ke4
59.Bh5 Nd5 60.b6  0-1

[Event "7th Open"]
[Site "Korinthos GRE"]
[Date "2004.07.23"]
[Round "2"]
[White "Baklan,V"]
[Black "Stiri,A"]
[Result "1-0"]
[WhiteElo "2595"]
[BlackElo "2186"]

1.e4 c5 2.Nf3 e6 3.Nc3 a6 4.d4 cxd4 5.Nxd4 b5 6.Bd3 Qb6 7.Nf3 Nc6 8.Qe2 d6
9.O-O Nf6 10.a4 b4 11.Nb1 Be7 12.Nbd2 Qb8 13.Nc4 Ng4 14.Bf4 e5 15.Bd2 f5
16.Ne3 Nxe3 17.fxe3 O-O 18.exf5 d5 19.e4 Bc5+ 20.Kh1 Bxf5 21.exf5 e4 22.Bxe4 dxe4
23.Qc4+ Kh8 24.Qxc5 exf3 25.Qxc6  1-0

[Event "17th Open"]
[Site "Kiel GER"]
[Date "2004.07.24"]
[Round "1"]
[White "Zimmermann,Man"]
[Black "Farago,I"]
[Result "0-1"]
[WhiteElo "1995"]
[BlackElo "2472"]

1.e4 c5 2.Nf3 e6 3.d4 cxd4 4.Nxd4 a6 5.Nc3 Qc7 6.Be3 Bb4 7.Qd2 Nf6 8.f3 d5
9.Bd3 e5 10.Ndb5 axb5 11.Bxb5+ Bd7 12.Bxd7+ Qxd7 13.exd5 Nxd5 14.O-O Nxc3
15.bxc3 Qxd2 16.Bxd2 Bc5+ 17.Kh1 Nc6 18.a4 Ke7 19.Rfe1 Rhd8 20.Re2 Kf8 21.Bg5 Rxa4
22.Rae1 f6  0-1

[Event "7th Open"]
[Site "Korinthos GRE"]
[Date "2004.07.24"]
[Round "4"]
[White "Sorokina,A"]
[Black "Pambalos,P"]
[Result "1-0"]
[WhiteElo "2188"]
[BlackElo "2025"]

1.e4 c5 2.Nf3 e6 3.d4 cxd4 4.Nxd4 a6 5.Nc3 b5 6.g3 Bb7 7.Bg2 Nf6 8.O-O Qc7
9.Re1 d6 10.Bg5 Be7 11.Bxf6 gxf6 12.Qh5 Nc6 13.Nxe6 Qd7 14.Bh3 f5 15.Bxf5 Bf6  1-0

[Event "ACT Open"]
[Site "Amsterdam NED"]
[Date "2004.07.25"]
[Round "9"]
[White "Wiersma,E"]
[Black "D'Costa,L"]
[Result "1-0"]
[WhiteElo "2421"]
[BlackElo "2354"]

1.e4 c5 2.Nf3 e6 3.d4 cxd4 4.Nxd4 a6 5.Nc3 Qc7 6.Bd3 Nf6 7.f4 d6 8.Qf3 Nc6
9.Be3 Be7 10.O-O O-O 11.Kh1 Bd7 12.Qg3 b5 13.a3 Rad8 14.Rae1 Nxd4 15.Bxd4 Bc6
16.e5 dxe5 17.Bxe5 Qb7 18.f5 Nh5 19.Qh3 f6 20.Bc7 Qxc7 21.Qxh5 e5 22.Ne4 Rd4
23.Rf3 Qb7 24.Rh3 h6 25.Qg4 Kh8 26.Ree3 Bd8 27.Rh4 Rf7 28.c3 Rd5 29.Rg3 Rf8
30.Bc2 Bb6 31.Qg6 Rdd8 32.Nxf6 Rxf6 33.Rxh6+ Kg8 34.Qh7+ Kf8 35.Rxf6+ gxf6
36.Rg8+  1-0

[Event "Politiken Cup"]
[Site "Copenhagen DEN"]
[Date "2004.07.25"]
[Round "3"]
[White "Bjornsson,S"]
[Black "Nielsen,PH"]
[Result "0-1"]
[WhiteElo "2315"]
[BlackElo "2652"]

1.e4 c5 2.Nc3 e6 3.Nf3 a6 4.d4 cxd4 5.Nxd4 d6 6.Be2 Nf6 7.Be3 Qc7 8.g4 b5
9.g5 Nfd7 10.f4 Nb6 11.a3 N8d7 12.Qd2 Bb7 13.f5 e5 14.Nb3 Rc8 15.Na5 Ba8
16.h4 Na4 17.Nxa4 Bxe4 18.O-O bxa4 19.b4 h6 20.g6 fxg6 21.fxg6 Nf6 22.Bxa6 Qd7
23.Bxc8 Qxc8 24.Kh2 Qg4 25.Qf2 Qxg6 26.Rg1 Ng4+ 27.Rxg4 Qxg4 28.Rg1 Qe6 29.b5 Be7
30.Rxg7 Rf8 31.Qe2 Rf3 32.Rg3 Qf5 33.b6 Qh5 34.Rxf3 Bxf3 35.Qb5+ Kf7 36.Qd7 Bg4
37.Qc6 Qxh4+ 38.Kg1 Qg3+ 39.Qg2 Qxe3+ 40.Qf2+ Qxf2+ 41.Kxf2 Bd8 42.b7 Bc7
43.Nc6 Bd7  0-1

[Event "17th Open"]
[Site "Kiel GER"]
[Date "2004.07.25"]
[Round "4"]
[White "Budzyn,M"]
[Black "Feuerstack,A"]
[Result "0-1"]
[WhiteElo "2106"]
[BlackElo "2249"]

1.e4 c5 2.Nf3 e6 3.d4 cxd4 4.Nxd4 a6 5.Nc3 Qc7 6.Bd3 Nf6 7.O-O d6 8.Qe2 Nbd7
9.Kh1 b6 10.f4 Bb7 11.Nf3 h5 12.f5 e5 13.Bc4 b5 14.Bb3 b4 15.Nd5 Nxd5 16.exd5 Be7
17.Bg5 a5 18.Bxe7 Kxe7 19.Nd4 Ba6 20.Qe3 Bxf1 21.Rxf1 a4 22.Nc6+ Kf8 23.Bc4 f6
24.Be2 Qb7 25.Qe4 b3 26.cxb3 axb3 27.a3 Nc5 28.Qf3 h4 29.h3 Ra4 30.Nb4 Qe7
31.Bb5 Ra8 32.Bc4 e4 33.Qe2 e3 34.Kg1 Qe4 35.Bb5 Ra7 36.Rf3 Re7 37.Nc6 Re8
38.Nb4 Re5 39.Nc6 Rxd5 40.Rxe3 Rd1+ 41.Qxd1 Qxe3+ 42.Kh2 Ne4 43.Qd5 Qf4+
44.Kg1 Qc1+ 45.Kh2 Ng3 46.Qxd6+ Kg8 47.Bf1 Nxf1+ 48.Kg1 Ng3+ 49.Kf2 Ne4+  0-1

[Event "Glorney Cup"]
[Site "Aberdeen SCO"]
[Date "2004.07.26"]
[Round "1"]
[White "Maenhout,T"]
[Black "Zeleny,T"]
[Result "1-0"]
[WhiteElo "1990"]
[BlackElo "2254"]

1.e4 c5 2.Nf3 e6 3.d4 cxd4 4.Nxd4 a6 5.Nc3 b5 6.Bd3 Bb7 7.O-O d6 8.f4 Nd7
9.Qf3 Ngf6 10.Bd2 Be7 11.Rae1 O-O 12.a3 Qc7 13.Qh3 Nc5 14.e5 dxe5 15.fxe5 Nxd3
16.exf6 Bc5 17.Qxd3 e5 18.Qg3 Bxd4+ 19.Be3 Bxe3+ 20.Rxe3 g6 21.Qg5 Qc6 22.Ne4 Kh8
23.Qh6  1-0

[Event "7th Open"]
[Site "Korinthos GRE"]
[Date "2004.07.26"]
[Round "6"]
[White "Baklan,V"]
[Black "Mastrovasilis,A"]
[Result "1-0"]
[WhiteElo "2595"]
[BlackElo "2488"]

1.e4 c5 2.Nf3 e6 3.Nc3 a6 4.d4 cxd4 5.Nxd4 b5 6.Bd3 Bb7 7.O-O Qc7 8.Qe2 Nf6
9.e5 Nd5 10.Nxd5 Bxd5 11.a4 b4 12.c4 bxc3 13.bxc3 Qxc3 14.Bb2 Qa5 15.Rfc1 Nc6
16.Nb5 Qb6 17.Nd6+ Bxd6 18.exd6 Nd4 19.Qd2 e5 20.Re1 f6 21.a5 Qa7 22.Ra4 Ne6
23.Rh4 Qb7 24.Bxh7 Kf8 25.Rb4 Rxh7 26.Rxb7 Bxb7 27.Qb4 Bc6 28.Rc1 Nd8 29.f4 exf4
30.Qe1 Rh6 31.Qe7+ Kg8 32.Qe8+ Kh7 33.Rxc6 dxc6 34.Bd4 c5 35.Qe4+  1-0

[Event "Politiken Cup"]
[Site "Copenhagen DEN"]
[Date "2004.07.27"]
[Round "5"]
[White "Laato,A"]
[Black "Auchenberg,P"]
[Result "0-1"]
[WhiteElo "2210"]
[BlackElo "2082"]

1.e4 c5 2.Nf3 e6 3.d4 cxd4 4.Nxd4 a6 5.Nc3 b5 6.Be3 b4 7.Na4 Bb7 8.f3 d5
9.exd5 Bxd5 10.c4 bxc3 11.Nxc3 Nf6 12.Qa4+ Qd7 13.Rd1 Be7 14.Qxd7+ Nbxd7
15.Kf2 O-O 16.Nxd5 Nxd5 17.Nb3 Rfc8 18.Bd3 Nxe3 19.Kxe3 Ne5 20.f4 Nxd3 21.Rxd3 Bf6
22.Rb1 g5 23.g3 Rc2 24.Rd2 Rac8 25.Kd3 R2c4 26.Rf1 Ra4 27.a3 Rb8 28.Nc5 Rd4+
29.Ke2 Rxd2+ 30.Kxd2 Rxb2+ 31.Kc1 Ra2 32.Rf3 Bb2+ 33.Kc2 Rxa3 34.Rb3 Rxb3
35.Kxb3 Bd4 36.Nxa6 g4 37.Nb4 Bg1 38.Nd3 Bxh2 39.Nf2 Bxg3 40.Nxg4 Bxf4 41.Nf6+ Kh8
42.Kc2 Bg5 43.Ne8 Be7 44.Kd3 h5 45.Ke4 Kh7 46.Kf4 Kg6 47.Kf3 Kg5 48.Kg3 e5
49.Nc7 e4 50.Nd5 Bd6+ 51.Kh3 f5 52.Kg2 f4 53.Nc3 Kf5 54.Nb5 Be5 55.Na3 Kg4
56.Nc4 f3+ 57.Kg1 Bd4+ 58.Kh1 e3  0-1

[Event "Open Dutch Champ"]
[Site "Dieren NED"]
[Date "2004.07.27"]
[Round "1"]
[White "Van Kerkhof,D"]
[Black "Van der Weide,K"]
[Result "0-1"]
[WhiteElo "2173"]
[BlackElo "2471"]

1.e4 c5 2.Nf3 e6 3.d4 cxd4 4.Nxd4 a6 5.Nc3 d6 6.Be2 b5 7.a4 b4 8.Na2 Nf6
9.Bg5 Bb7 10.f3 Be7 11.c3 bxc3 12.Nxc3 Nbd7 13.Qd2 O-O 14.O-O Qb8 15.Rab1 Rc8
16.b4 Nb6 17.b5 a5 18.Nc6 Bxc6 19.bxc6 Rxc6 20.Bb5 Rc8 21.Rfc1 d5 22.exd5 Nbxd5
23.Nxd5 Nxd5 24.Bc6 Bb4 25.Qd4 Nc3 26.Rxc3 Bxc3 27.Qe4 Qxb1+ 28.Qxb1 Rxc6
29.Be3 Bb4 30.Qd3 Bc5 31.Bxc5 Rxc5 32.Qb3 h5 33.Kf2 Rd8 34.Qb6 Rcd5 35.Kg3 g6
36.Qc7 Rg5+ 37.Kh4 Rdd5 38.Qc8+ Kh7 39.Qc7 Rgf5 40.Qc4 Rd2 41.Kh3 Rfd5 42.Qc7 Kg7
43.Qc3+ R2d4 44.Kg3 Kh7 45.Qc7 Rf5 46.Qc6 Rff4 47.Qb6 Rxa4 48.Qb5 Rfb4 49.Qd7 Kg7
50.Qc7 Rb5 51.Qc3+ e5  0-1

[Event "2nd Asean GM"]
[Site "Bangkok THA"]
[Date "2004.07.28"]
[Round "10"]
[White "Zaw Win Lay"]
[Black "Nguyen Anh Dung"]
[Result "1/2-1/2"]
[WhiteElo "2532"]
[BlackElo "2561"]

1.e4 c5 2.Nf3 e6 3.Nc3 a6 4.d4 cxd4 5.Nxd4 b5 6.Bd3 Qb6 7.Nb3 Bb7 8.Be3 Qc7
9.a3 Nf6 10.O-O d6 11.f4 Nbd7 12.Qf3 Be7 13.Rae1 O-O 14.Qh3 e5 15.Kh1 Rfe8
16.f5 Rad8 17.Rf3 Nc5 18.Rg3 Kh8 19.Bg5  1/2-1/2

[Event "Open Dutch Champ"]
[Site "Dieren NED"]
[Date "2004.07.28"]
[Round "2"]
[White "Van Rosmalen,J"]
[Black "Barendse,T"]
[Result "0-1"]
[WhiteElo "2115"]
[BlackElo "2201"]

1.e4 c5 2.Nf3 e6 3.d4 cxd4 4.Nxd4 a6 5.Nc3 b5 6.Be2 Bb7 7.a3 d6 8.O-O Nf6
9.f3 Be7 10.Be3 O-O 11.Bd3 Nc6 12.Nxc6 Bxc6 13.f4 a5 14.Qf3 b4 15.axb4 axb4
16.Ne2 e5 17.Ng3 d5 18.fxe5 dxe4 19.Nxe4 Nd5 20.Nf6+ Bxf6 21.exf6 Nxe3 22.Rxa8 Bxa8
23.Bxh7+ Kxh7 24.Qh5+ Kg8 25.Qg5 Nf5 26.Rxf5 Qd4+ 27.Rf2 Qd1+ 28.Rf1 Qd4+
29.Kh1 Bxg2+ 30.Kxg2 Qe4+ 31.Kg1 g6 32.Qf4 Qxc2 33.Qxb4 Rd8 34.Qc3 Qe4 35.Qf3 Qc2
36.Rf2 Qc1+ 37.Kg2 Rd1 38.Qf4 Rg1+ 39.Kh3 Qc8+ 40.Kh4 Qc5 41.Kh3 Qc8+ 42.Kh4 g5+
43.Qxg5+ Rxg5 44.Kxg5 Qc5+ 45.Rf5 Qg1+ 46.Kf4 Qxh2+ 47.Kg4 Qg2+ 48.Kf4 Qxb2
49.Rg5+ Kf8 50.Re5 Qf2+  0-1

[Event "MTO"]
[Site "Biel SUI"]
[Date "2004.07.29"]
[Round "10"]
[White "Kosintseva,N"]
[Black "Cvitan,O"]
[Result "1-0"]
[WhiteElo "2415"]
[BlackElo "2527"]

1.e4 c5 2.Nf3 e6 3.Nc3 a6 4.d4 cxd4 5.Nxd4 Qc7 6.g3 Nf6 7.Bg2 Be7 8.O-O d6
9.a4 Nc6 10.Nb3 b6 11.f4 Bb7 12.Be3 O-O 13.g4 Rfe8 14.g5 Nd7 15.h4 Bf8 16.h5 Nb4
17.Rc1 Rad8 18.Ne2 Nc5 19.Qe1 a5 20.Nxc5 bxc5 21.g6 fxg6 22.hxg6 hxg6 23.Qg3 Qf7
24.Qh2 d5 25.Rf3 dxe4 26.Rh3 Qf6 27.Ng3 Qxb2 28.Nxe4 Be7 29.Ng5 Bxg5 30.fxg5  1-0

[Event "MTO"]
[Site "Biel SUI"]
[Date "2004.07.29"]
[Round "10"]
[White "Zenklusen,R"]
[Black "Roiz,M"]
[Result "0-1"]
[WhiteElo "2306"]
[BlackElo "2574"]

1.e4 c5 2.Nf3 e6 3.d4 cxd4 4.Nxd4 a6 5.Nc3 Qc7 6.Be2 Nf6 7.O-O Nc6 8.Be3 Be7
9.f4 d6 10.Bf3 O-O 11.Qe1 Nxd4 12.Bxd4 e5 13.Be3 exf4 14.Bxf4 Be6 15.a4 Nd7
16.Qd2 Rac8 17.Kh1 Ne5 18.Be2 Qc6 19.Rfc1 Bf6 20.Nd5 Bxd5 21.exd5 Qb6 22.c3 Rfe8
23.a5 Qd8 24.Re1 Rc5 25.b4 Rc7 26.Rac1 Rce7 27.Be3 Qc8 28.Bd4 h6 29.Rcd1 Bg5
30.Be3 Bh4 31.g3 Bf6 32.Bd4 Bg5 33.Be3 Qf5 34.Bxg5 hxg5 35.Kg1 Qh3 36.Rf1 g4
37.Qf4 Qh5 38.Rf2 f5 39.Rdf1 g6 40.Bd1 Nd3  0-1

[Event "Politiken Cup"]
[Site "Copenhagen DEN"]
[Date "2004.07.30"]
[Round "8"]
[White "Mortensen,E"]
[Black "Trygstad,K"]
[Result "1-0"]
[WhiteElo "2455"]
[BlackElo "2265"]

1.e4 c5 2.Nf3 e6 3.d4 cxd4 4.Nxd4 a6 5.Nc3 Qc7 6.Be2 Bb4 7.O-O Nf6 8.Bg5 Nc6
9.Nxc6 bxc6 10.Qd4 Bd6 11.Kh1 Be5 12.Qd3 h6 13.Be3 Bf4 14.Na4 Rb8 15.c4 Bxe3
16.Qxe3 Qe5 17.f3 d6 18.Rad1 c5 19.Qd2 Bd7 20.Nc3 g5 21.Qxd6 Qxd6 22.Rxd6 Rxb2
23.Rfd1 Rb7 24.e5 Nh5 25.Ne4 Ba4 26.Nxc5 Bxd1 27.Nxb7 Bxe2 28.Rd8+ Ke7 29.Rxh8 Bxc4
30.Nd6 Bxa2 31.Rxh6 Ng7 32.Rh7 Kf8 33.Rh8+ Ke7 34.Ne4 Bd5 35.Nf6 Bc6 36.Rc8 Bb5
37.g4 Ne8 38.Nxe8 Bxe8 39.Kg2 a5 40.Rc7+ Kf8 41.Ra7 Kg7 42.Rxa5 Bc6 43.Kg3 Kg6
44.f4 Be4 45.fxg5 Kxg5 46.h4+ Kg6 47.Kf4 Bd3 48.h5+ Kh6 49.Ra7 Be2 50.Rxf7 Bxg4
51.Rh7+  1-0